000 00764nam a2200277 a 4500
001 vtls001670617
003 NLI
005 20210628145703.0
008 130206s1964 ii 000 mal
020 _cRe. 1.00
039 9 _y201302061531
_zVLOAD
040 0 _a NLI
_b eng
_cENTERTECH - MALAYALAM
_e AACR2
041 0 _amal
044 _aii
082 0 4 _a809.1
100 1 _aKuzikulam, A. S.
_91104298
245 1 0 _aNirvrtiyum niraparayum /
_cA. S. Kuzikulam
260 _aQuilon :
_bVanampati Books,
_c1964
300 _a56 p. ;
_c17 cm.
650 0 _aPoetry
_xHistory and criticism
_9740262
887 _a
901 _a8703
_b13.07.1966
902 _aMal 809.1 Ku 998
949 _AVIRTUAITEM
_D10000
_X100
_6DBA000008703MAL
942 _2ddc
_cBKS
999 _c1119087
_d1119087